000 00328nam a22001217a 4500
008 160427b xxu||||| |||| 00| 0 eng d
020 _a9780323011952
020 _a0323011950
041 _aeng
080 _a618.2
245 _aMosbys clinical nursing:
_cJune M. Thompson; Gertrude K. McFarland; Jane E. Hirsch;
942 _2udc
_cBK
999 _c1631
_d1631